[Event "2009 año del buey"]
[Site "SchemingMind.com"]
[Date "2009.01.04"]
[Round "-"]
[White "GMCasefoncz"]
[Black "fouche"]
[Result "1-0"]
[WhiteCountry "NCA"]
[BlackCountry "COL"]
[WhiteElo "1845"]
[WhiteRD "150"]
[BlackElo "1525"]
[BlackRD "51"]
[GameID "186234"]

1. e4 e6 2. Nf3 d5 3. e5 c5 4. d4 Nc6 5. c3 cxd4 6. cxd4 Bb4+ 7. Nc3 Nge7 8. Bd3 Qb6 9. a3 Bxc3+ 10. bxc3 Bd7
11. O-O Qa5 12. Bd2 Qc7 13. Ng5 h6 14. Qh5 g6 15. Qh4 Nf5 16. Bxf5 exf5 17. Nxf7 Kxf7 18. Qf6+ Kg8 19. Qxg6+ Kf8 20. Bxh6+ Ke7
21. Qf6+
1-0

[Event "2009 año del buey"]
[Site "SchemingMind.com"]
[Date "2009.01.04"]
[Round "-"]
[White "fouche"]
[Black "GMCasefoncz"]
[Result "0-1"]
[WhiteCountry "COL"]
[BlackCountry "NCA"]
[WhiteElo "1525"]
[WhiteRD "51"]
[BlackElo "1845"]
[BlackRD "150"]
[GameID "186235"]

1. d4 Nf6 2. Nf3 g6 3. c4 Bg7 4. Nc3 O-O 5. e4 d6 6. Be3 e5 7. d5 Ng4 8. Qd2 Nxe3 9. Qxe3 Nd7 10. b4 a5
11. Rb1 axb4 12. Rxb4 f5 13. exf5 gxf5 14. Be2 e4 15. Nd2 f4 16. Qh3 Nc5 17. Bg4 Nd3+ 18. Ke2 f3+ 19. gxf3 Nf4+
0-1

[Event "2009 año del buey"]
[Site "SchemingMind.com"]
[Date "2009.02.03"]
[Round "-"]
[White "jtrochez1"]
[Black "fouche"]
[Result "0-1"]
[WhiteCountry "HON"]
[BlackCountry "COL"]
[WhiteElo "1580"]
[WhiteRD "48"]
[BlackElo "1571"]
[BlackRD "53"]
[GameID "190162"]

1. e4 c5 2. Nf3 Nc6 3. Bc4 e6 4. d4 cxd4 5. Nxd4 d5 6. Nxc6 bxc6 7. exd5 cxd5 8. Bb5+ Bd7 9. Bxd7+ Qxd7 10. O-O Nf6
11. Be3 Bd6 12. Nd2 Rc8 13. c3 O-O 14. Qf3 e5 15. h3 e4 16. Qe2 Qf5 17. f4 exf3 18. Rxf3 Qe5 19. Qd3 Qh2+ 20. Kf2 Rfe8
21. Qf5 Rxe3 22. Qxc8+ Re8 23. Qf5 Bc5+ 24. Re3 Bxe3+ 25. Kf3 Bxd2 26. Kf2 Be3+ 27. Kf3 Qd6 28. Re1 d4 29. cxd4 Qd5+ 30. Qxd5 Nxd5
31. a3 f5 32. g3 Kf7 33. b4 Kf6 34. h4 h6 35. Kg2 f4 36. gxf4 Kf5 37. Kf3 Rc8 38. a4 Rc3 39. Rxe3 Rxe3+ 40. Kf2 Kxf4
41. b5 Ra3 42. b6 axb6
0-1

[Event "2009 año del buey"]
[Site "SchemingMind.com"]
[Date "2009.02.03"]
[Round "-"]
[White "jtrochez1"]
[Black "GMCasefoncz"]
[Result "0-1"]
[WhiteCountry "HON"]
[BlackCountry "NCA"]
[WhiteElo "1534"]
[WhiteRD "51"]
[BlackElo "2125"]
[BlackRD "92"]
[GameID "190163"]

1. e4 e6 2. d4 d5 3. e5 c5 4. Nc3 Nc6 5. Be3 cxd4 6. Bxd4 Nge7 7. Bd3 Nxd4 8. Nf3 Nxf3+ 9. Qxf3 Ng6 10. Bxg6 hxg6
11. O-O-O Qg5+ 12. Kb1 Bd7 13. Qg3 Rh5 14. f4 Qxg3 15. hxg3 Rc8 16. g4 Rxh1 17. Rxh1 Rc4 18. g3 g5 19. Rf1 Bb4 20. Nd1 Re4
21. c3 Bb5 22. Rh1 Bc5 23. Kc1 gxf4 24. gxf4 Rxf4 25. g5 Rg4
0-1

[Event "2009 año del buey"]
[Site "SchemingMind.com"]
[Date "2009.02.02"]
[Round "-"]
[White "fouche"]
[Black "jtrochez1"]
[Result "1-0"]
[WhiteCountry "COL"]
[BlackCountry "HON"]
[WhiteElo "1571"]
[WhiteRD "53"]
[BlackElo "1580"]
[BlackRD "48"]
[GameID "190164"]

1. d4 d5 2. c4 e6 3. Nc3 Bb4 4. Nf3 h6 5. e3 Bxc3+ 6. bxc3 Ne7 7. cxd5 exd5 8. Bd3 Bg4 9. O-O O-O 10. Bd2 Nd7
11. Re1 Re8 12. h3 Bh5 13. Rc1 Nf6 14. e4 dxe4 15. Bxe4 c6 16. Bf4 Nxe4 17. Rxe4 Nd5 18. Rxe8+ Qxe8 19. Bg3 Bxf3 20. Qxf3 Qe6
21. c4 Nb4 22. d5 Qd7 23. a3 Na6 24. Re1 Re8 25. Rxe8+ Qxe8 26. d6 Nc5 27. Qg4 Nd7 28. Bh4 Qe1+ 29. Kh2 Qe5+ 30. Bg3 Qe6
31. Qh4 Nf6 32. Qd4 b6 33. c5 Nd7 34. cxb6 axb6 35. Qa4 b5 36. Qa8+ Nf8 37. Qxc6 f5 38. Qxb5 Nd7 39. a4 g5 40. f4 Qf7
41. Qc6 g4 42. h4 h5 43. a5
1-0

[Event "2009 año del buey"]
[Site "SchemingMind.com"]
[Date "2009.02.03"]
[Round "-"]
[White "GMCasefoncz"]
[Black "jtrochez1"]
[Result "1-0"]
[WhiteCountry "NCA"]
[BlackCountry "HON"]
[WhiteElo "2089"]
[WhiteRD "93"]
[BlackElo "1578"]
[BlackRD "51"]
[GameID "190165"]

1. e4 e5 2. Nf3 Bd6 3. Nc3 c6 4. d4 Bb4 5. dxe5 h6 6. Bc4 Ne7 7. O-O Bxc3 8. bxc3 Ng6 9. Ba3 b5 10. Bd3 Nf4
11. Bd6 Nxd3 12. Qxd3 Na6 13. Nd4 g6 14. a4 h5 15. axb5 h4 16. bxa6 Qg5 17. f4 Qh6 18. Qc4 h3 19. g3 Qg7 20. Nxc6 f5
21. Ne7 fxe4 22. Nd5
1-0

[Event "2009 año del buey"]
[Site "SchemingMind.com"]
[Date "2009.02.16"]
[Round "-"]
[White "kwabena"]
[Black "jtrochez1"]
[Result "1/2-1/2"]
[WhiteCountry "ENG"]
[BlackCountry "HON"]
[WhiteElo "1640"]
[WhiteRD "63"]
[BlackElo "1580"]
[BlackRD "48"]
[GameID "192616"]

1. d4 d5 2. Bf4 Nc6 3. e3 e6 4. Nf3 Bd6 5. Bxd6 Qxd6 6. a3 a6 7. c4 Nf6 8. Nc3 O-O 9. cxd5 exd5 10. Bd3 Be6
11. O-O Ng4 12. h3 Nf6 13. b4 b5 14. Rc1 Na7 15. Qc2 g6 16. Ng5 c6 17. Rfd1 Rac8 18. f3 Qd7 19. e4 Kg7 20. e5 Ng8
21. f4 f5 22. exf6+ Nxf6 23. Re1 Bg8 24. Nf3 Rce8 25. Re2 Rxe2 26. Bxe2 Qc7 27. Ne5 Nc8 28. Bd3 Ne7 29. Qe2 Be6 30. Qd2 Qc8
31. a4 Qb7 32. axb5 cxb5 33. Qe2 Bf5 34. g4 Bxd3 35. Nxd3 Ne4 36. Qf3 Qd7 37. Ne5 Qb7 38. Nxe4 dxe4 39. Qe3 Rc8 40. Rxc8 Nxc8
41. Qc3 Nb6 42. Kf2 Nd5 43. Qc6 Qxc6 44. Nxc6 Kf6 45. Kg3 h6 46. h4 g5 47. fxg5+ hxg5 48. hxg5+ Kxg5 49. Nd8 Nxb4 50. Ne6+ Kf6
51. Nc5 a5 52. Nxe4+ Ke6 53. Nc3 a4 54. Nxb5 Nd5 55. Na3 Kf6 56. Kf3 Kg5 57. Ke4 Nf6+ 58. Ke5 Nxg4+ 59. Ke6 Ne3 60. d5=
1/2-1/2

[Event "2009 año del buey"]
[Site "SchemingMind.com"]
[Date "2009.02.16"]
[Round "-"]
[White "kwabena"]
[Black "fouche"]
[Result "1-0"]
[WhiteCountry "ENG"]
[BlackCountry "COL"]
[WhiteElo "1674"]
[WhiteRD "64"]
[BlackElo "1525"]
[BlackRD "51"]
[GameID "192617"]

1. d4 Nf6 2. Bf4 e6 3. e3 Nd5 4. Bg3 Nb6 5. c4 d5 6. c5 N6d7 7. b4 c6 8. Nf3 Nf6 9. Bd3 Nbd7 10. Nc3 b6
11. O-O Be7 12. Qc2 O-O 13. Bh4 bxc5 14. bxc5 a5 15. Rfb1 Qc7 16. Bg3 Qa7 17. Na4 Ba6 18. Nb6 Bxd3 19. Qxd3 Rfb8 20. Bxb8 Rxb8
21. Nxd7 Nxd7 22. Rxb8+ Qxb8 23. Rb1 Qa7 24. g3 h6 25. Qb3 Kf8 26. Qb7 Qxb7 27. Rxb7
1-0

[Event "2009 año del buey"]
[Site "SchemingMind.com"]
[Date "2009.02.15"]
[Round "-"]
[White "kwabena"]
[Black "GMCasefoncz"]
[Result "0-1"]
[WhiteCountry "ENG"]
[BlackCountry "NCA"]
[WhiteElo "1640"]
[WhiteRD "63"]
[BlackElo "2046"]
[BlackRD "106"]
[GameID "192618"]

1. d4 Nf6 2. Bf4 e6 3. e3 d5 4. h3 Bd6 5. Bxd6 cxd6 6. Nf3 Qb6 7. Qc1 Nc6 8. Nc3 O-O 9. Nb5 a6 10. Nxd6 Qb4+
11. c3 Qxd6 12. a3 Ne4 13. c4 h6 14. cxd5 exd5 15. Bd3 Qg6 16. O-O Bxh3 17. Nh4 Qg5 18. Bxe4 dxe4 19. g3 Bxf1 20. Kxf1 Na5
21. Qc2 Qd5 22. Ng2 Rac8 23. Qd1 Qb5+ 24. Qe2 Qxe2+ 25. Kxe2 Rc2+ 26. Kf1 Rxb2 27. Nf4 Rc8 28. Nd5 Rcc2 29. Nf4 Rxf2+ 30. Kg1 Rfd2
31. Rc1 Nc4
0-1

[Event "2009 año del buey"]
[Site "SchemingMind.com"]
[Date "2009.02.16"]
[Round "-"]
[White "jtrochez1"]
[Black "kwabena"]
[Result "0-1"]
[WhiteCountry "HON"]
[BlackCountry "ENG"]
[WhiteElo "1534"]
[WhiteRD "51"]
[BlackElo "1594"]
[BlackRD "68"]
[GameID "192619"]

1. e4 d5 2. exd5 Qxd5 3. Nc3 Qd8 4. Nf3 Bf5 5. d3 e6 6. Be3 Nf6 7. h3 h6 8. a3 Nc6 9. Nh4 Bh7 10. Nf3 Bd6
11. Qd2 O-O 12. O-O-O a6 13. Ne1 Ne5 14. f3 c5 15. g4 b5 16. Bg2 Rc8 17. f4 Nc6 18. g5 hxg5 19. fxg5 Nd7 20. h4 Nce5
21. Be4 c4 22. Bxh7+ Kxh7 23. d4 Nc6 24. h5 f6 25. g6+ Kg8 26. h6 f5 27. h7+ Kh8 28. Nf3 Ne7 29. Rdg1 Qc7 30. Kb1 f4
31. Bf2 Nf5 32. d5 e5 33. Rc1 Nf6 34. Ng5 Nh6 35. Ne6 Qb7 36. Nxf8 Rxf8 37. Rcg1 Nfg4 38. Ne4 Nxf2 39. Nxf2 Bc5 40. Rf1 Rd8
41. Ne4 Be3 42. Qb4 Qxd5 43. Nf6 Qg2 44. Qe7 Ra8 45. Rd1 Bd4 46. Ne8 Qxg6 47. Nc7 Ra7 48. Rxh6 Qxh6 49. Qe8+ Kxh7 50. Ne6 g5
51. Nxd4 exd4 52. Qe4+ Kg8 53. Qxd4 Rf7 54. Qd5 g4 55. Rh1 Qg6 56. Rh5 Qxh5 57. Qxh5 g3 58. Qg4+ Kh7 59. Qh5+ Kg8 60. Qg6+ Kf8
61. Qd6+ Kg7 62. Qd4+ Kg6 63. Qe4+ Kg5 64. Qd5+ Rf5 65. Qg8+ Kh4 66. Qh7+ Kg4 67. Qg6+ Rg5 68. Qe6+ Kf3 69. Qc6+ Kf2 70. Qb6+ Kg2
71. Qc6+ Kh3 72. Qh6+ Kg4 73. Qe6+ Kf3 74. Qc6+ Kf2 75. Qb6+ Kg2 76. Qc6+ f3 77. Qe4 Kf2 78. Qd4+ Kg2 79. Qe4 Rg7 80. Kc1 Rd7
81. c3 Rd3 82. Kc2 Kf2
0-1

[Event "2009 año del buey"]
[Site "SchemingMind.com"]
[Date "2009.02.16"]
[Round "-"]
[White "fouche"]
[Black "kwabena"]
[Result "1-0"]
[WhiteCountry "COL"]
[BlackCountry "ENG"]
[WhiteElo "1525"]
[WhiteRD "51"]
[BlackElo "1674"]
[BlackRD "64"]
[GameID "192620"]

1. e4 d5 2. exd5 Qxd5 3. d4 Qd8 4. Nf3 Bf5 5. c4 e6 6. Nc3 h6 7. Bd3 Bxd3 8. Qxd3 c5 9. d5 exd5 10. cxd5 Nf6
11. O-O Be7 12. Bf4 Qd7 13. Rfe1 O-O 14. Ne5 Qd8 15. Rad1 Bd6 16. Ne4 Nxe4 17. Rxe4 Be7 18. Qg3 Kh7 19. Bc1 Bd6 20. Qd3 Kh8
21. Qh3 f6 22. Ng6+ Kg8 23. Nxf8 Kxf8 24. Bxh6 Qc7 25. Bf4 Bxf4 26. Qh8+ Kf7 27. Qe8#
1-0

[Event "2009 año del buey"]
[Site "SchemingMind.com"]
[Date "2009.02.15"]
[Round "-"]
[White "GMCasefoncz"]
[Black "kwabena"]
[Result "1-0"]
[WhiteCountry "NCA"]
[BlackCountry "ENG"]
[WhiteElo "2046"]
[WhiteRD "106"]
[BlackElo "1640"]
[BlackRD "63"]
[GameID "192621"]

1. e4 d5 2. exd5 Qxd5 3. Nc3 Qd8 4. d4 h6 5. Nf3 Bf5 6. Bd3 Bxd3 7. Qxd3 e6 8. O-O Nf6 9. Re1 Be7 10. Qb5+ Nbd7
11. Qxb7 O-O 12. Ne5 Nb6 13. Nc6 Qd7 14. Bf4 Nbd5 15. Nxe7+ Qxe7 16. Nxd5 Nxd5 17. Qxd5 Rfd8 18. Qe4 Rac8 19. c3 Qd7 20. b4 Qb5
21. Re3 a5 22. Rg3 g5 23. h4 Kf8 24. hxg5 hxg5 25. Bxg5 Rd5 26. a4 Qc4 27. Qh7 Ke8 28. Qg8+ Kd7 29. Qxf7+ Kc6 30. Qxe6+ Kb7
31. bxa5
1-0

[Event "2009 año del buey"]
[Site "SchemingMind.com"]
[Date "2009.02.20"]
[Round "-"]
[White "Mitchell-in"]
[Black "jtrochez1"]
[Result "0-1"]
[WhiteCountry "ENG"]
[BlackCountry "HON"]
[WhiteElo "1731"]
[WhiteRD "62"]
[BlackElo "1578"]
[BlackRD "51"]
[GameID "193249"]

1. e4 e5 2. Nf3 Bd6 3. Bc4 h6 4. Nc3 Nf6 5. d3 c6 6. Be3 Bc7 7. O-O d6 8. h3 O-O 9. Qd2 Kh7 10. d4 Qe8
11. Rae1 Be6 12. d5 cxd5 13. exd5 Bd7 14. Nh2 Qc8 15. f4 e4 16. Bd4 Bd8 17. Nxe4 Nxe4 18. Rxe4 Bf5
0-1

[Event "2009 año del buey"]
[Site "SchemingMind.com"]
[Date "2009.02.20"]
[Round "-"]
[White "Mitchell-in"]
[Black "fouche"]
[Result "1-0"]
[WhiteCountry "ENG"]
[BlackCountry "COL"]
[WhiteElo "1779"]
[WhiteRD "60"]
[BlackElo "1571"]
[BlackRD "53"]
[GameID "193250"]

1. e4 e5 2. Nf3 Nf6 3. Bc4 Nc6 4. d4 exd4 5. Ng5 d5 6. exd5 Nxd5 7. Nxf7 Kxf7 8. Qh5+ g6 9. Bxd5+ Ke8 10. Qf3 Qe7+
11. Kf1 Bf5 12. Bxc6+ Kd8 13. Qd5+
1-0

[Event "2009 año del buey"]
[Site "SchemingMind.com"]
[Date "2009.02.20"]
[Round "-"]
[White "Mitchell-in"]
[Black "kwabena"]
[Result "1-0"]
[WhiteCountry "ENG"]
[BlackCountry "ENG"]
[WhiteElo "1779"]
[WhiteRD "60"]
[BlackElo "1640"]
[BlackRD "63"]
[GameID "193251"]

1. e4 d5 2. exd5 Qxd5 3. Nc3 Qd8 4. Bc4 Nf6 5. d3 a6 6. Nge2 Bf5 7. Ng3 Bg6 8. h4 h6 9. h5 Bh7 10. Qf3 c6
11. Be3 e6 12. O-O-O Qc7 13. Nge4 Nbd7 14. Bf4 Ne5 15. Qg3 Nxe4 16. Nxe4 Bxe4 17. Bxe5 Qb6 18. dxe4 Bc5 19. Qxg7 Rf8 20. Bxe6 Rd8
21. Rxd8+ Qxd8 22. Bb3 Bxf2 23. Rf1 Be3+ 24. Kb1 Qd7 25. Bc3 Bg5 26. Qe5+ Be7 27. Bb4 f6 28. Qxe7+ Qxe7 29. Bxe7 Kxe7 30. c3 Kd6
31. Kc2 Ke5 32. Kd3 Rd8+ 33. Ke3 Rd7 34. Rf5+ Kd6 35. Rxf6+ Kc5 36. Rxh6 Rg7 37. Rg6
1-0

[Event "2009 año del buey"]
[Site "SchemingMind.com"]
[Date "2009.02.23"]
[Round "-"]
[White "Mitchell-in"]
[Black "GMCasefoncz"]
[Result "1/2-1/2"]
[WhiteCountry "ENG"]
[BlackCountry "NCA"]
[WhiteElo "1731"]
[WhiteRD "62"]
[BlackElo "2089"]
[BlackRD "93"]
[GameID "193252"]

1. e4 e6 2. d4 d5 3. Nd2 Nc6 4. Ngf3 Nf6 5. e5 Nd7 6. Nb3 Be7 7. Bd3 O-O 8. O-O Nb4 9. Be2 c5 10. c3 Nc6
11. Bf4 c4 12. Nbd2 b5 13. b3 Bb7 14. a4 a6 15. Qc2 cxb3 16. Nxb3 b4 17. Rab1 a5 18. Bb5 Rc8 19. Qd3=
1/2-1/2

[Event "2009 año del buey"]
[Site "SchemingMind.com"]
[Date "2009.02.20"]
[Round "-"]
[White "jtrochez1"]
[Black "Mitchell-in"]
[Result "0-1"]
[WhiteCountry "HON"]
[BlackCountry "ENG"]
[WhiteElo "1534"]
[WhiteRD "51"]
[BlackElo "1721"]
[BlackRD "58"]
[GameID "193253"]

1. e4 c6 2. Nf3 d5 3. exd5 cxd5 4. d4 Nf6 5. Nc3 Bg4 6. Be2 e6 7. a3 Bd6 8. Ne5 Bxe2 9. Qxe2 O-O 10. Bg5 h6
11. h4 Nc6 12. Nxc6 bxc6 13. Na4 Qa5+ 14. Nc3 Ne4 15. Bd2 Nxd2 16. Qxd2 c5 17. Ne2 Qxd2+ 18. Kxd2 Rab8 19. b3 cxd4 20. Nxd4 Be5
21. Kd3 Rfc8 22. Ra2 Rc7 23. g3 Rbc8 24. Rc1 Rc3+ 25. Ke2 Bxd4 26. Kf1 Rxb3 27. Kg2 Rbb8 28. a4 a5 29. Rd1 Bf6 30. Rd2 Rc4
31. f3 Rbb4 32. Kh3 Rxa4 33. Rxa4 Rxa4 34. f4 Rb4 35. Rd3 a4 36. Ra3 Bb2 37. Rd3 a3 38. f5 a2
0-1

[Event "2009 año del buey"]
[Site "SchemingMind.com"]
[Date "2009.02.20"]
[Round "-"]
[White "fouche"]
[Black "Mitchell-in"]
[Result "1-0"]
[WhiteCountry "COL"]
[BlackCountry "ENG"]
[WhiteElo "1622"]
[WhiteRD "64"]
[BlackElo "1721"]
[BlackRD "58"]
[GameID "193254"]

1. d4 d5 2. c4 e5 3. dxe5 d4 4. Nf3 Nc6 5. Nbd2 Be6 6. Nb3 Bxc4 7. Nbxd4 Nxd4 8. Qxd4 Qxd4 9. Nxd4 O-O-O 10. e3 Bxf1
11. Kxf1 f6 12. e6 c5 13. Nc2 Re8 14. Ke2 Rxe6 15. Rd1 Ne7 16. Bd2 Ng6 17. g3 Bd6 18. Rac1 b6 19. Nd4 Ree8 20. Nb5 Bb8
21. b4 a6 22. Na3 Bd6 23. bxc5 Bxc5 24. Bb4
1-0

[Event "2009 año del buey"]
[Site "SchemingMind.com"]
[Date "2009.02.20"]
[Round "-"]
[White "kwabena"]
[Black "Mitchell-in"]
[Result "0-1"]
[WhiteCountry "ENG"]
[BlackCountry "ENG"]
[WhiteElo "1640"]
[WhiteRD "63"]
[BlackElo "1779"]
[BlackRD "60"]
[GameID "193255"]

1. d4 e5 2. dxe5 Nc6 3. Bf4 Qe7 4. Nf3 Qb4+ 5. Nc3 Qxb2 6. Nd5 Bb4+ 7. Nd2 Ba5 8. g3 Nge7 9. Ne3 Bxd2+ 10. Kxd2 Qd4+
11. Ke1 Qc3+ 12. Qd2 Qxa1+ 13. Nd1 Qd4 14. Qc1 Nxe5 15. e3 Qb4+ 16. c3 Qa5 17. Qc2 d6 18. Bg2 O-O 19. Kd2 Nc4+ 20. Ke2 Ng6
21. Be4 Nxf4+ 22. gxf4 g6 23. Qb3 Be6 24. Qxb7 Qxa2+ 25. Kf3 Nd2+ 26. Kg2 Nxe4 27. Qxe4 Bd5
0-1

[Event "2009 año del buey"]
[Site "SchemingMind.com"]
[Date "2009.02.23"]
[Round "-"]
[White "GMCasefoncz"]
[Black "Mitchell-in"]
[Result "1-0"]
[WhiteCountry "NCA"]
[BlackCountry "ENG"]
[WhiteElo "2125"]
[WhiteRD "92"]
[BlackElo "1721"]
[BlackRD "58"]
[GameID "193256"]

1. e4 c6 2. Nf3 d5 3. Nc3 dxe4 4. Nxe4 Nf6 5. Nxf6+ gxf6 6. d4 Bg4 7. Be2 e6 8. Bf4 Bd6 9. Qd2 Qc7 10. Bxd6 Qxd6
11. O-O-O Nd7 12. c4 O-O-O 13. h3 Bh5 14. Rhe1 Rhg8 15. Qa5 Bxf3 16. Bxf3 Kb8 17. Qh5 Qf4+ 18. Kc2 Nb6 19. c5 Nd5 20. Qxh7 Nb4+
21. Kb3 a5 22. Qxf7 e5 23. Qc4
1-0

[Event "2009 año del buey"]
[Site "SchemingMind.com"]
[Date "2009.02.22"]
[Round "-"]
[White "myghtyhill"]
[Black "jtrochez1"]
[Result "1-0"]
[WhiteCountry "CHN"]
[BlackCountry "HON"]
[WhiteElo "1707"]
[WhiteRD "80"]
[BlackElo "1578"]
[BlackRD "51"]
[GameID "193558"]

1. e4 e5 2. Nf3 Bd6 3. Nc3 c6 4. d4 Qe7 5. Bc4 Bc7 6. dxe5 Bxe5 7. Nxe5 Qxe5 8. f4 Qe7 9. Qf3 d6 10. O-O Be6
11. Bd3 Nd7 12. f5 Ne5 13. Qg3 Bd7 14. f6 Nxf6 15. Qxg7 O-O-O 16. Qxf6 Qxf6 17. Rxf6 Be6 18. Bd2 h5 19. Raf1 Rdf8 20. b3 h4
21. Ne2 Ng4 22. R6f4 h3 23. g3 Ne5 24. Nd4 Kd7 25. Nxe6 Kxe6 26. Rf6+ Kd7 27. Bc3 Ke7 28. Bxe5 dxe5 29. Bc4 Rh7 30. R1f5 b5
31. Bd3 a5 32. Rxc6 f6 33. Rc7+
1-0

[Event "2009 año del buey"]
[Site "SchemingMind.com"]
[Date "2009.02.22"]
[Round "-"]
[White "myghtyhill"]
[Black "fouche"]
[Result "1-0"]
[WhiteCountry "CHN"]
[BlackCountry "COL"]
[WhiteElo "1680"]
[WhiteRD "89"]
[BlackElo "1571"]
[BlackRD "53"]
[GameID "193559"]

1. e4 e6 2. d4 d5 3. e5 c5 4. c3 Nc6 5. Nf3 cxd4 6. cxd4 Qb6 7. Be2 Bb4+ 8. Nc3 Nge7 9. O-O Bd7 10. a3 Bxc3
11. bxc3 O-O 12. Bg5 Ng6 13. Rb1 Qc7 14. Qb3 Rab8 15. Rfc1 Na5 16. Qc2 Nc4 17. Bxc4 dxc4 18. h4 h6 19. Be3 Ne7 20. g4 Nd5
21. Bd2 b5 22. h5 a5 23. g5 hxg5 24. Nxg5 f5 25. exf6 Nxf6 26. h6 Qd6 27. Qg6 Qe7 28. Bf4 Rb7 29. Bd6 Be8 30. Bxe7 Bxg6
31. Bxf8 Kxf8 32. hxg7+ Kxg7 33. Nxe6+ Kh6 34. Rb2 Bd3 35. Nf4 Be4 36. Re1 Rg7+ 37. Kf1 Rg4 38. Ne6 Bf3 39. Re3 Be4 40. Nc5 b4
41. Nxe4 Rxe4 42. axb4 axb4 43. Rxe4
1-0

[Event "2009 año del buey"]
[Site "SchemingMind.com"]
[Date "2009.02.22"]
[Round "-"]
[White "myghtyhill"]
[Black "Mitchell-in"]
[Result "1-0"]
[WhiteCountry "CHN"]
[BlackCountry "ENG"]
[WhiteElo "1707"]
[WhiteRD "80"]
[BlackElo "1731"]
[BlackRD "62"]
[GameID "193560"]

1. d4 d5 2. c4 e6 3. Nc3 Nf6 4. e3 Be7 5. Nf3 O-O 6. Bd3 Nbd7 7. O-O dxc4 8. Bxc4 Nb6 9. Bb3 c5 10. dxc5 Bxc5
11. Qe2 Bd7 12. Rd1 Qe7 13. Ne5 Rfd8 14. Nxd7 Rxd7 15. e4 Rxd1+ 16. Qxd1 Rd8 17. Qe2 Qd7 18. Bg5
1-0

[Event "2009 año del buey"]
[Site "SchemingMind.com"]
[Date "2009.02.22"]
[Round "-"]
[White "myghtyhill"]
[Black "kwabena"]
[Result "0-1"]
[WhiteCountry "CHN"]
[BlackCountry "ENG"]
[WhiteElo "1680"]
[WhiteRD "89"]
[BlackElo "1640"]
[BlackRD "63"]
[GameID "193561"]

1. e4 d5 2. exd5 Qxd5 3. Nc3 Qd8 4. d4 Nf6 5. Nf3 Bf5 6. Bc4 e6 7. O-O Be7 8. Re1 O-O 9. Nh4 Bg6 10. Nxg6 hxg6
11. d5 exd5 12. Nxd5 Nxd5 13. Bxd5 c6 14. Bb3 Qxd1 15. Rxd1 Bf6 16. c3 Rd8 17. Bf4 Na6 18. h3 Nc5 19. Bc2 Ne6 20. Be3 a6
21. Rxd8+ Rxd8 22. Rd1 Kf8 23. Rxd8+ Bxd8 24. Bb3 Ke7 25. f3 b5 26. Kf2 Kd6 27. g4 c5 28. a3 c4 29. Bc2 Ke5 30. Kg3 Bc7
31. f4+ Kd6 32. Kf3 Nc5 33. Bxc5+ Kxc5 34. f5 gxf5 35. Bxf5 g5 36. Ke4 f6 37. Bc8 a5 38. Kf5 Be5 39. Bd7 b4 40. axb4+ axb4
41. cxb4+ Kxb4 42. Ke4 Bxb2 43. Ke3 c3 44. Bf5 Kb3 45. Ke2 c2 46. Bxc2+ Kxc2 47. Ke3 Kd1 48. Kf2 Be5 49. Kg2 Ke2
0-1

[Event "2009 año del buey"]
[Site "SchemingMind.com"]
[Date "2009.02.23"]
[Round "-"]
[White "myghtyhill"]
[Black "GMCasefoncz"]
[Result "0-1"]
[WhiteCountry "CHN"]
[BlackCountry "NCA"]
[WhiteElo "1707"]
[WhiteRD "80"]
[BlackElo "2089"]
[BlackRD "93"]
[GameID "193562"]

1. d4 Nf6 2. c4 e6 3. Nc3 Bb4 4. e3 O-O 5. Bd3 d5 6. Nf3 c5 7. O-O cxd4 8. exd4 dxc4 9. Bxc4 a6 10. a3 Be7
11. Bf4 b5 12. Bd3 Bb7 13. Ne5 Nc6 14. Ne2 g6 15. Rc1 Nxd4 16. Nxd4 Qxd4 17. Bg3 Qxb2 18. Rc7 Bd6 19. Rxb7 Bxe5 20. Bxe5 Qxe5
21. Qf3 Rfb8 22. Rxb8+ Rxb8 23. Qc6 Rd8 24. Bc2 Qb2 25. Qc7 Rd2 26. Qc8+ Kg7 27. Bd1 Qxa3 28. Bf3 a5 29. g4 Qxf3
0-1

[Event "2009 año del buey"]
[Site "SchemingMind.com"]
[Date "2009.02.22"]
[Round "-"]
[White "jtrochez1"]
[Black "myghtyhill"]
[Result "0-1"]
[WhiteCountry "HON"]
[BlackCountry "CHN"]
[WhiteElo "1534"]
[WhiteRD "51"]
[BlackElo "1719"]
[BlackRD "81"]
[GameID "193563"]

1. e4 c5 2. Nf3 Nc6 3. d4 cxd4 4. Nxd4 Nf6 5. Nc3 e6 6. Nxc6 bxc6 7. Bd3 Qc7 8. O-O Bc5 9. h3 d5 10. exd5 cxd5
11. Bg5 h6 12. Bh4 g5 13. Bg3 Qxg3 14. Kh1 Qd6 15. Nb5 Qb6 16. b3 a6 17. Nc3 h5 18. Na4 Qd6 19. Nxc5 Qxc5 20. f3 h4
21. c4 Bb7 22. Rc1 Rc8 23. Qe2 Qb4 24. Qe5 Ke7 25. Rc2 Qd6 26. Qxg5 Rcg8 27. Qd2 Nh5 28. Rf2 Ng3+ 29. Kg1 Rh5 30. c5 Qc6
31. a4 Rhg5 32. f4 Rh5 33. Qe3 Nf5 34. Bxf5 Rxf5 35. Kf1 Rg3 36. Qd4 Rxb3 37. Ke1 a5 38. Ra2 Rb4 39. Qd2 Qxc5 40. Rc2 Rb1+
41. Ke2 Ba6+ 42. Kf3 Qa3+ 43. Rc3 Rb3 44. Rxb3 Qxb3+ 45. Qe3 Qd1+ 46. Re2 Bxe2+ 47. Qxe2 Rxf4+
0-1

[Event "2009 año del buey"]
[Site "SchemingMind.com"]
[Date "2009.02.22"]
[Round "-"]
[White "fouche"]
[Black "myghtyhill"]
[Result "0-1"]
[WhiteCountry "COL"]
[BlackCountry "CHN"]
[WhiteElo "1571"]
[WhiteRD "53"]
[BlackElo "1680"]
[BlackRD "89"]
[GameID "193564"]

1. d4 Nf6 2. c4 g6 3. Nc3 Bg7 4. e4 d6 5. Be3 Ng4 6. Qd2 O-O 7. Bd3 Nc6 8. Nge2 Nb4 9. a3 Nxd3+ 10. Qxd3 Nxe3
11. Qxe3 c5 12. d5 e6 13. O-O exd5 14. exd5 Re8 15. Qf3 a6 16. Rfe1 Rb8 17. Rab1 b5 18. cxb5 axb5 19. Ng3 b4 20. axb4 cxb4
21. Nce4 f5 22. Ng5 Rxe1+ 23. Rxe1 Qxg5 24. Qe2 Bd7 25. Qc2 Rc8 26. Qd3 Bxb2 27. Qa6 Qd2 28. Re7 Bd4 29. h3 Qxf2+
0-1

[Event "2009 año del buey"]
[Site "SchemingMind.com"]
[Date "2009.02.22"]
[Round "-"]
[White "Mitchell-in"]
[Black "myghtyhill"]
[Result "0-1"]
[WhiteCountry "ENG"]
[BlackCountry "CHN"]
[WhiteElo "1731"]
[WhiteRD "62"]
[BlackElo "1707"]
[BlackRD "80"]
[GameID "193565"]

1. e4 c5 2. c3 d5 3. exd5 Qxd5 4. d4 Nf6 5. Nf3 e6 6. Be2 Nc6 7. O-O cxd4 8. Nxd4 Bc5 9. Nxc6 Qxc6 10. Bf3 Qc7
11. Nd2 O-O 12. Nb3 Bd6 13. h3 Rb8 14. Bg5 b6 15. Qe2 Nd5 16. Nd4 a6 17. Rfe1 Nf4 18. Bxf4 Bxf4 19. Rad1 Bb7
0-1

[Event "2009 año del buey"]
[Site "SchemingMind.com"]
[Date "2009.02.22"]
[Round "-"]
[White "kwabena"]
[Black "myghtyhill"]
[Result "0-1"]
[WhiteCountry "ENG"]
[BlackCountry "CHN"]
[WhiteElo "1640"]
[WhiteRD "63"]
[BlackElo "1680"]
[BlackRD "89"]
[GameID "193566"]

1. d4 d5 2. Bf4 Nc6 3. e3 Nf6 4. h3 Bf5 5. Nf3 e6 6. a3 Bd6 7. Bxd6 Qxd6 8. Bd3 Ne4 9. c4 dxc4 10. Bxc4 O-O
11. Bd3 e5 12. dxe5 Nxe5 13. Nxe5 Qxe5 14. Qb3 Rfe8 15. O-O Nc5 16. Qc3 Nxd3 17. Qxe5 Rxe5 18. b4 Nb2 19. Nc3 c6 20. Rfe1 Rd8
21. f4 Re7 22. g4 Be6 23. f5 Bc4 24. e4 Rd2 25. e5 Nd3 26. Red1 Rxd1+ 27. Rxd1 Rxe5 28. Rd2 f6 29. Kh2 Kf7 30. Na4 b5
31. Nc3 Ke7 32. Ne2 Ne1 33. Nd4 Bd5 34. Kg3 h6 35. Kh4 Ng2+ 36. Kh5 Bf7#
0-1

[Event "2009 año del buey"]
[Site "SchemingMind.com"]
[Date "2009.02.23"]
[Round "-"]
[White "GMCasefoncz"]
[Black "myghtyhill"]
[Result "1-0"]
[WhiteCountry "NCA"]
[BlackCountry "CHN"]
[WhiteElo "2089"]
[WhiteRD "93"]
[BlackElo "1707"]
[BlackRD "80"]
[GameID "193567"]

1. e4 e5 2. Nf3 Nc6 3. Bb5 a6 4. Ba4 Nf6 5. O-O Be7 6. Re1 b5 7. Bb3 O-O 8. a4 b4 9. d3 Bb7 10. Nbd2 Bc5
11. h3 a5 12. Nc4 d6 13. c3 Nd7 14. Bg5 Qc8 15. d4 exd4 16. cxd4 Bb6 17. Rc1 h6 18. d5 Nce5 19. Nfxe5 Nxe5 20. Nxb6 Qe8
21. Nxa8 Bxa8 22. Be3 Qd7 23. f4 Ng6 24. e5 dxe5 25. fxe5 Re8 26. e6 fxe6 27. Qh5
1-0